Normal view
MARC view
- Conduct of life
Entry Topical Term
001 - CONTROL NUMBER
- control field: 45891
003 - CONTROL NUMBER IDENTIFIER
- control field: NUST
005 - DATE AND TIME OF LATEST TRANSACTION
- control field: 20210314133353.0
008 - FIXED-LENGTH DATA ELEMENTS
- fixed length control field: 210314|| aca||aabn | a|a d
040 ## - CATALOGING SOURCE
- Original cataloging agency: NUST
- Transcribing agency: NUST
150 ## - HEADING--TOPICAL TERM
- Topical term or geographic name entry element: Conduct of life
- General subdivision: Literary collections
670 ## - SOURCE DATA FOUND
- Source citation: Work cat.: (NUST): Benett, W.J 45890, The book of virtues :, c1993.
